|
|
|
|
| LEADER |
01155nam a2200325 4500 |
| 001 |
DLU180184845 |
| 005 |
##20180511 |
| 020 |
# |
# |
|a 9786047867332
|
| 040 |
# |
# |
|a DLU
|b vie
|
| 041 |
# |
# |
|a vie
|
| 044 |
# |
# |
|a vn
|
| 082 |
# |
# |
|a 781.629 592
|b NG-L
|
| 100 |
# |
# |
|a Nguyễn Thị Mỹ Liêm.
|
| 245 |
# |
# |
|a Nhạc lễ dân gian người Việt ở Nam Bộ /
|c Nguyễn Thị Mỹ Liêm.
|
| 260 |
# |
# |
|a H. :
|b Mỹ thuật,
|c 2017.
|
| 300 |
# |
# |
|a 295 tr. :
|b minh họa;
|c 21 cm.
|
| 504 |
# |
# |
|a Tài liệu tham khảo: tr. 241-266.
|
| 505 |
# |
# |
|a Chương 1. Quá trình hình thành và biến đổi của nhạc lễ dân gian người Việt ở Nam Bộ -- Chương 2. Những thành tố của nhạc lễ dân gian người Việt ở Nam Bộ -- Chương 3. Một số đặc điểm âm nhạc của nhạc lễ dân gian người Việt ở Nam Bộ.
|
| 650 |
# |
# |
|a Âm nhạc dân gian
|z Việt Nam, miền Nam.
|
| 923 |
# |
# |
|a 01/2018
|
| 991 |
# |
# |
|a SH
|
| 992 |
# |
# |
|a 12000
|
| 994 |
# |
# |
|a DLU
|
| 900 |
# |
# |
|a True
|
| 911 |
# |
# |
|a Nguyễn Thanh Hương
|
| 925 |
# |
# |
|a G
|
| 926 |
# |
# |
|a A
|
| 927 |
# |
# |
|a SH
|
| 980 |
# |
# |
|a Thư viện Trường Đại học Đà Lạt
|